=LDR 00000nam 2200000 4500 =001 INLIS000000000022315 =005 20130612121102 =008 ***********************************Ing** =035 ##$$0010-061300000022315 =041 ##$$a Ing =082 ##$$a 813 =090 ##$$a 813, Daz-t =100 ##$$a Dazeley, Peter =245 ##$$a The young golfer, Dazeley Peter =260 ##$$a 1997 $b Londodn =300 ##$$a 112 hlm., ilus, 18 cm =650 ##$$a Sastra-Inggris =850 ##$$a NBPNMAT